000
00275nam a2200121Ia 4500
008
190216s9999||||xx |||||||||||||| ||und||
100
_a
Efy Pub
245
0
_a
Electronics Projects Volume3
260
_b
Efy Pub New Delhi
300
_a
144p
650
_a
Physics
942
_c
BK
999
_c
32999
_d
32999